000 03511nab a2200325 i 4500
003 BR-BrBNA
005 20231128111357.0
008 231128b2017 bl.qr|pooa||| 00| 0 por |
040 _aBR-BrBNA
_bpor
072 _aK10
072 _aU40
100 _aEugenio, Fernando Coelho
100 _aSantos, Alexandre Rosa dos
100 _aFiedler, Nilton Cesar
100 _aRibeiro, Guido Assunção
100 _aSilva, Aderbal Gomes da
100 _aSoares, Vicente Paulo
100 _aGleriani, José Marinaldo
245 _aMapeamento das áreas de preservação permanente do estado do Espírito Santo, Brasil
500 _aPublicação on-line; 14 ref.; 2 tables; 3 illus.; Summaries (En, Pt)
520 _a RESUMO O estudo foi realizado em todo o estado do Espírito Santo, com o objetivo de delimitar as Áreas de Preservação Permanentes (APPs) na ótica da Lei 12.651/2012 (Código Florestal) e ressaltar a importância de identificar as áreas de forma automática. Cada APP possui uma metodologia própria para o seu mapeamento, entretanto, todas foram mapeadas com o auxílio de geotecnologia. O estado possui 22,43% de sua área de APPs, distribuídas ao longo da faixa marginal dos cursos d’água (10,42%); no entorno de lagos e lagoas naturais (0,67%); no entorno dos reservatórios d’água artificiais (0,02%); no entorno das nascentes (0,89%); em encostas com declividades superiores a 45º (0,24%); em restingas (1,92%); em manguezais (0,19%); em topo de morros (8,98%); e em altitudes superiores a 1.800 metros (0,19%) da área total do estado. O presente estudo serve como subsídio técnico para avaliação e quantificação da APPs em um Estado, visto que é o primeiro em nível estadual no Brasil sobre o tema. Palavras-chave: proteção florestal; geoprocessamento; política florestal.
520 _a ABSTRACT The study was conducted across the state of Espirito Santo, with the objective of limiting the Permanent Preservation Areas (PPAs) by optical law 12.651/2012 (forest code) and highlight the importance of identifying those areas automatically. Each PPA has its own methodology for their mapping, however, all were mapped with the aid of geotechnology. The state has 22.43% of its PPA area distributed along the marginal strip watercourses (10.42%); in the surroundings of lakes and natural ponds (0.67%); around the artificial water reservoirs (0.02%), in the vicinity of springs (0.89%) in the hillsides with slopes greater than 45° (0.24%); in restingas (1.92%); in mangroves (0.19%); on top of hills (8.98%); and in higher than 1800 meters (0.19%) of the total area of the state altitudes. This study serves as a technical subsidy for evaluation and quantification of PPAs in a State, since it is the first one in a state level in Brazil on the issue. Keywords: forest protection; GIS; forest policy.
650 _aPROTEÇÃO FLORESTAL
650 _aSISTEMA DE INFORMAÇÃO GEOGRÁFICA
650 _aPOLÍTICA FLORESTAL
773 0 _04065
_9102230
_dSanta Maria-RS Universidade Federal de Santa Maria - Centro de Pesquisas Florestais.Departamento de Ciências Florestais. Programa de Pós-Graduação em Engenharia Florestal 1991
_o2023-436645
_tCiência Florestal (Brazil)
_x0103-9954; 1980-5098 (on-line)
_gv. 27(3) p. 897-906; (Jul-Sep 2017)
_wBR2023001342
856 _uhttps://www.scielo.br/j/cflo/a/qkKFJX6fhhKfP43HzH3qSmk/?format=pdf&lang=pt
942 _cAnalítica
999 _c86830
_d86830